| 000 | 00732nam a2200157 a 4500 | ||
|---|---|---|---|
| 008 | 220224s2019 ||||||||||||||||| || u | ||
| 050 | _aCBU-PG THESIS/MUM | ||
| 100 | _aMuma, Saviour | ||
| 245 | 1 | 4 |
_aThe impact of virtual experimental techniques on the performance of its year heavy equipment repair technicians students at northern technical college _cBy Muma Saviour |
| 260 |
_aKitwe _bCopperbelt University _c2019 |
||
| 300 | _aviii, 62 Pages : illustrations | ||
| 650 | _aUSE OF ICT - PHYSICS | ||
| 650 | _aVIRTUAL LABORATORIES - PHYSICS | ||
| 650 | _aHEAVY EQUIPMENT REPAIR - PHYSICS | ||
| 995 |
_FCBU-MAIN LIBRARY (Kitwe) _M2 _UAVAILABLE _WNov 3, 2022 _ZUniversity Collection |
||
| 999 |
_c46397 _d46397 |
||